[Event "DVM U14 2024"]
[Site "Heidelberg GER"]
[Date "2024.12.28"]
[Round "4"]
[White "Yan, Haichen"]
[Black "Pflug, Anton"]
[Result "1/2-1/2"]
[Termination "normal"]
[Board "4.3"]
[WhiteElo "1732"]
[BlackElo "1812"]
[WhiteClock "00:25:36"]
[BlackClock "00:15:04"]
[WhiteTeam "SV 1947 Walldorf"]
[BlackTeam "Schachzwerge Magdeburg"]
[PlyCount "130"]
[WhiteFideId "34607951"]
[BlackFideId "34611495"]
[EventCountry "GER"]
[EventRounds "7"]
[EventType "team-swiss"]
[EventDate "2024.12.26"]

1. d4 {[%clk 01:30:58]} {[%emt 00:00:02]} d5 {[%clk 01:30:47]} {[%emt
00:00:13]} 2. c4 {[%clk 01:31:23]} {[%emt 00:00:05]} e6 {[%clk 01:31:14]}
{[%emt 00:00:04]} 3. Nc3 {[%clk 01:31:46]} {[%emt 00:00:07]} Nf6 {[%clk
01:31:39]} {[%emt 00:00:05]} 4. cxd5 {[%clk 01:32:10]} {[%emt 00:00:06]} exd5
{[%clk 01:32:00]} {[%emt 00:00:09]} 5. Bg5 {[%clk 01:32:24]} {[%emt 00:00:15]}
Be7 {[%clk 01:31:30]} {[%emt 00:01:01]} 6. e3 {[%clk 01:32:44]} {[%emt
00:00:10]} c6 {[%clk 01:31:54]} {[%emt 00:00:06]} 7. Bd3 {[%clk 01:33:04]}
{[%emt 00:00:09]} O-O {[%clk 01:31:37]} {[%emt 00:00:47]} 8. Qc2 {[%clk
01:33:20]} {[%emt 00:00:15]} Nbd7 {[%clk 01:31:51]} {[%emt 00:00:16]} 9. Nf3
{[%clk 01:33:17]} {[%emt 00:00:32]} h6 {[%clk 01:31:04]} {[%emt 00:01:18]} 10.
Bh4 {[%clk 01:33:34]} {[%emt 00:00:12]} Re8 {[%clk 01:31:26]} {[%emt 00:00:08]}
11. O-O {[%clk 01:33:50]} {[%emt 00:00:12]} Ne4 {[%clk 01:30:49]} {[%emt
00:01:11]} 12. Bxe7 {[%clk 01:34:01]} {[%emt 00:00:19]} Qxe7 {[%clk 01:31:13]}
{[%emt 00:00:06]} 13. Rfc1 {[%emt 00:12:18]} Ng5 {[%clk 01:19:00]} {[%emt
00:00:57]} 14. Nd2 {[%clk 01:27:18]} {[%emt 00:07:10]} Nf6 {[%clk 01:17:46]}
{[%emt 00:01:45]} 15. Rab1 {[%clk 01:26:13]} {[%emt 00:01:35]} Qd6 {[%clk
01:11:22]} {[%emt 00:06:54]} 16. b4 {[%clk 01:24:16]} {[%emt 00:02:26]} Ng4
{[%clk 01:11:21]} {[%emt 00:00:31]} 17. Nf1 {[%clk 01:24:30]} {[%emt 00:00:17]}
a6 {[%clk 01:10:09]} {[%emt 00:01:42]} 18. Na4 {[%clk 01:23:45]} {[%emt
00:01:15]} Nf6 {[%clk 01:01:10]} {[%emt 00:09:29]} 19. Nb6 {[%clk 01:20:46]}
{[%emt 00:03:30]} Rb8 {[%clk 01:01:20]} {[%emt 00:00:19]} 20. a4 {[%clk
01:20:25]} {[%emt 00:00:51]} Nd7 {[%clk 00:59:08]} {[%emt 00:02:42]} 21. Nxd7
{[%clk 01:16:45]} {[%emt 00:04:10]} Bxd7 {[%clk 00:57:48]} {[%emt 00:01:50]}
22. Ng3 {[%clk 01:09:58]} {[%emt 00:07:16]} g6 {[%clk 00:54:47]} {[%emt
00:03:31]} 23. Qc5 {[%clk 01:00:17]} {[%emt 00:10:11]} Qf6 {[%clk 00:48:22]}
{[%emt 00:06:53]} 24. b5 {[%clk 00:54:01]} {[%emt 00:06:48]} axb5 {[%clk
00:39:10]} {[%emt 00:09:43]} 25. axb5 {[%clk 00:52:44]} {[%emt 00:01:47]} h5
{[%clk 00:39:08]} {[%emt 00:00:31]} 26. bxc6 {[%clk 00:37:25]} {[%emt
00:15:49]} Bxc6 {[%clk 00:37:33]} {[%emt 00:02:06]} 27. Bb5 {[%clk 00:36:15]}
{[%emt 00:01:40]} h4 {[%clk 00:35:32]} {[%emt 00:02:31]} 28. Nh1 {[%clk
00:22:51]} {[%emt 00:13:54]} h3 {[%clk 00:25:42]} {[%emt 00:10:19]} 29. Bf1
{[%clk 00:21:37]} {[%emt 00:01:43]} hxg2 {[%clk 00:17:44]} {[%emt 00:08:29]}
30. Bxg2 {[%clk 00:21:50]} {[%emt 00:00:18]} Nf3+ {[%clk 00:18:07]} {[%emt
00:00:06]} 31. Bxf3 {[%clk 00:19:59]} {[%emt 00:02:21]} Qxf3 {[%clk 00:18:31]}
{[%emt 00:00:07]} 32. Qd6 {[%clk 00:19:38]} {[%emt 00:00:51]} Rbd8 {[%clk
00:18:09]} {[%emt 00:00:51]} 33. Qg3 {[%clk 00:19:41]} {[%emt 00:00:27]} Qf5
{[%clk 00:17:55]} {[%emt 00:00:43]} 34. Qg2 {[%clk 00:17:48]} {[%emt 00:02:24]}
Ra8 {[%clk 00:09:06]} {[%emt 00:09:19]} 35. Ng3 {[%clk 00:16:32]} {[%emt
00:01:46]} Qe6 {[%clk 00:09:11]} {[%emt 00:00:25]} 36. Ra1 {[%clk 00:15:41]}
{[%emt 00:01:21]} Kf8 {[%clk 00:07:35]} {[%emt 00:02:06]} 37. Ne2 {[%clk
00:09:07]} {[%emt 00:07:05]} Qe4 {[%clk 00:03:16]} {[%emt 00:04:47]} 38. Qxe4
{[%clk 00:08:55]} {[%emt 00:00:44]} dxe4 {[%clk 00:03:39]} {[%emt 00:00:08]}
39. Nc3 {[%clk 00:06:34]} {[%emt 00:02:50]} Rad8 {[%clk 00:01:47]} {[%emt
00:02:22]} 40. Rab1 {[%clk 00:05:17]} {[%emt 00:01:47]} Re7 {[%clk 00:00:33]}
{[%emt 00:01:45]} 41. Rb4 {[%clk 00:04:30]} {[%emt 00:01:16]} Kg7 {[%clk
00:27:53]} {[%emt 00:03:10]} 42. Rcb1 {[%clk 00:33:57]} {[%emt 00:01:03]} f5
{[%clk 00:22:50]} {[%emt 00:05:34]} 43. d5 {[%clk 00:32:55]} {[%emt 00:01:32]}
Bxd5 {[%clk 00:23:12]} {[%emt 00:00:08]} 44. Nxd5 {[%clk 00:33:20]} {[%emt
00:00:05]} Rxd5 {[%clk 00:23:35]} {[%emt 00:00:07]} 45. Rxb7 {[%clk 00:33:46]}
{[%emt 00:00:04]} Rxb7 {[%clk 00:23:39]} {[%emt 00:00:26]} 46. Rxb7+ {[%clk
00:34:10]} {[%emt 00:00:06]} Kf6 {[%clk 00:24:06]} {[%emt 00:00:04]} 47. Rb6+
{[%clk 00:33:56]} {[%emt 00:00:44]} Kg5 {[%clk 00:24:22]} {[%emt 00:00:12]} 48.
Kg2 {[%clk 00:33:15]} {[%emt 00:01:11]} Rd1 {[%clk 00:22:40]} {[%emt 00:02:12]}
49. Ra6 {[%clk 00:33:21]} {[%emt 00:00:25]} Rb1 {[%clk 00:22:04]} {[%emt
00:01:06]} 50. Rc6 {[%clk 00:33:32]} {[%emt 00:00:20]} Rb5 {[%clk 00:21:56]}
{[%emt 00:00:38]} 51. Rd6 {[%clk 00:32:41]} {[%emt 00:01:20]} Kh5 {[%clk
00:22:16]} {[%emt 00:00:09]} 52. h4 {[%clk 00:31:36]} {[%emt 00:01:36]} Rb1
{[%clk 00:16:49]} {[%emt 00:05:56]} 53. Rc6 {[%clk 00:31:13]} {[%emt 00:00:55]}
Ra1 {[%clk 00:16:22]} {[%emt 00:00:57]} 54. Rb6 {[%clk 00:31:00]} {[%emt
00:00:43]} Ra8 {[%clk 00:15:16]} {[%emt 00:01:37]} 55. Rc6 {[%clk 00:31:11]}
{[%emt 00:00:19]} Rg8 {[%clk 00:14:15]} {[%emt 00:01:30]} 56. Kh3 {[%clk
00:31:06]} {[%emt 00:00:35]} g5 {[%clk 00:13:36]} {[%emt 00:01:08]} 57. Rf6
{[%clk 00:30:29]} {[%emt 00:01:07]} gxh4 {[%clk 00:13:07]} {[%emt 00:00:59]}
58. Rxf5+ {[%clk 00:30:51]} {[%emt 00:00:08]} Rg5 {[%clk 00:13:32]} {[%emt
00:00:06]} 59. Rf4 {[%clk 00:30:53]} {[%emt 00:00:28]} Re5 {[%clk 00:13:17]}
{[%emt 00:00:44]} 60. Rxh4+ {[%clk 00:27:59]} {[%emt 00:03:23]} Kg5 {[%clk
00:13:15]} {[%emt 00:00:31]} 61. Kg3 {[%clk 00:26:41]} {[%emt 00:01:48]} Re8
{[%clk 00:13:25]} {[%emt 00:00:21]} 62. f4+ {[%clk 00:24:43]} {[%emt 00:02:28]}
exf3 {[%clk 00:13:47]} {[%emt 00:00:08]} 63. Rg4+ {[%clk 00:25:04]} {[%emt
00:00:08]} Kh5 {[%clk 00:14:11]} {[%emt 00:00:07]} 64. Kxf3 {[%clk 00:25:28]}
{[%emt 00:00:07]} Rxe3+ {[%clk 00:14:37]} {[%emt 00:00:04]} 65. Kxe3 {[%clk
00:25:36]} {[%emt 00:00:22]} Kxg4 {[%clk 00:15:04]} {[%emt 00:00:04]} 1/2-1/2

[Event "DVM U14 2024"]
[Site "Heidelberg GER"]
[Date "2024.12.28"]
[Round "4"]
[White "Scharff, Oskar"]
[Black "Arora, Ryan"]
[Result "1/2-1/2"]
[Termination "normal"]
[Board "4.4"]
[WhiteElo "1583"]
[BlackElo "1390"]
[WhiteClock "00:33:14"]
[BlackClock "00:33:57"]
[WhiteTeam "Schachzwerge Magdeburg"]
[BlackTeam "SV 1947 Walldorf"]
[PlyCount "48"]
[WhiteFideId "34634428"]
[BlackFideId "34660917"]
[EventCountry "GER"]
[EventRounds "7"]
[EventType "team-swiss"]
[EventDate "2024.12.26"]

1. e4 {[%clk 01:30:55]} {[%emt 00:00:04]} c5 {[%clk 01:30:43]} {[%emt
00:00:18]} 2. Nf3 {[%clk 01:31:18]} {[%emt 00:00:07]} Nc6 {[%clk 01:31:08]}
{[%emt 00:00:05]} 3. d4 {[%clk 01:31:40]} {[%emt 00:00:06]} cxd4 {[%clk
01:31:35]} {[%emt 00:00:04]} 4. Nxd4 {[%clk 01:32:04]} {[%emt 00:00:06]} Nf6
{[%clk 01:31:57]} {[%emt 00:00:08]} 5. Nc3 {[%clk 01:32:24]} {[%emt 00:00:10]}
e5 {[%clk 01:32:20]} {[%emt 00:00:08]} 6. Ndb5 {[%clk 01:32:22]} {[%emt
00:00:31]} d6 {[%clk 01:32:45]} {[%emt 00:00:05]} 7. Bg5 {[%clk 01:32:46]}
{[%emt 00:00:06]} a6 {[%clk 01:33:09]} {[%emt 00:00:07]} 8. Na3 {[%clk
01:33:07]} {[%emt 00:00:08]} b5 {[%clk 01:32:45]} {[%emt 00:00:55]} 9. Bxf6
{[%clk 01:33:25]} {[%emt 00:00:11]} gxf6 {[%clk 01:33:07]} {[%emt 00:00:08]}
10. Nd5 {[%clk 01:33:46]} {[%emt 00:00:09]} f5 {[%clk 01:30:37]} {[%emt
00:03:01]} 11. Bd3 {[%clk 01:32:18]} {[%emt 00:01:58]} Be6 {[%clk 01:28:57]}
{[%emt 00:02:11]} 12. O-O {[%clk 01:09:16]} {[%emt 00:23:31]} f4 {[%clk
01:23:46]} {[%emt 00:05:41]} 13. c4 {[%clk 01:05:59]} {[%emt 00:03:46]} b4
{[%clk 01:20:12]} {[%emt 00:04:06]} 14. Nc2 {[%clk 01:00:20]} {[%emt 00:06:08]}
a5 {[%clk 01:19:08]} {[%emt 00:01:35]} 15. b3 {[%clk 00:59:50]} {[%emt
00:01:00]} Ra7 {[%clk 01:14:13]} {[%emt 00:05:25]} 16. Qh5 {[%clk 00:57:21]}
{[%emt 00:02:57]} h6 {[%clk 01:02:54]} {[%emt 00:11:51]} 17. Ne1 {[%clk
00:52:15]} {[%emt 00:05:33]} Rg8 {[%clk 00:59:42]} {[%emt 00:03:45]} 18. Qe2
{[%clk 00:47:26]} {[%emt 00:05:15]} Nd4 {[%clk 00:55:20]} {[%emt 00:04:56]} 19.
Qd2 {[%clk 00:47:03]} {[%emt 00:00:51]} f3 {[%clk 00:54:27]} {[%emt 00:01:26]}
20. Kh1 {[%clk 00:32:28]} {[%emt 00:15:04]} fxg2+ {[%clk 00:41:04]} {[%emt
00:13:53]} 21. Nxg2 {[%clk 00:32:49]} {[%emt 00:00:09]} Bh3 {[%clk 00:40:59]}
{[%emt 00:00:36]} 22. Nde3 {[%clk 00:32:57]} {[%emt 00:00:21]} Nf3 {[%clk
00:36:02]} {[%emt 00:05:28]} 23. Qe2 {[%clk 00:32:50]} {[%emt 00:00:31]} Nd4
{[%clk 00:35:56]} {[%emt 00:00:42]} 24. Qd2 {[%clk 00:33:14]} {[%emt 00:00:05]}
Nf3 {[%clk 00:33:57]} {[%emt 00:02:28]} 1/2-1/2

[Event "DVM U14 2024"]
[Site "Heidelberg GER"]
[Date "2024.12.28"]
[Round "4"]
[White "Rössler, Leo"]
[Black "Kommessin, Felix"]
[Result "1-0"]
[Termination "normal"]
[Board "8.1"]
[WhiteElo "1589"]
[BlackElo "1757"]
[WhiteClock "00:45:53"]
[BlackClock "00:22:01"]
[WhiteTeam "SG Turm Leipzig"]
[BlackTeam "SF Brackel 1930"]
[PlyCount "78"]
[WhiteFideId "34640525"]
[BlackFideId "16294661"]
[EventCountry "GER"]
[EventRounds "7"]
[EventType "team-swiss"]
[EventDate "2024.12.26"]

1. e4 {[%clk 01:30:59]} e5 {[%clk 01:30:54]} {[%emt 00:00:07]} 2. d4 {[%clk
01:31:22]} {[%emt 00:00:07]} exd4 {[%clk 01:31:19]} {[%emt 00:00:05]} 3. Qxd4
{[%clk 01:31:47]} {[%emt 00:00:05]} Nc6 {[%clk 01:31:28]} {[%emt 00:00:20]} 4.
Qe3 {[%clk 01:32:10]} {[%emt 00:00:07]} Bb4+ {[%clk 01:30:58]} {[%emt
00:01:00]} 5. Nc3 {[%clk 01:31:05]} {[%emt 00:01:35]} Nf6 {[%clk 01:30:32]}
{[%emt 00:00:56]} 6. Bd2 {[%clk 01:31:22]} {[%emt 00:00:13]} O-O {[%clk
01:30:30]} {[%emt 00:00:31]} 7. O-O-O {[%clk 01:31:37]} {[%emt 00:00:15]} Re8
{[%clk 01:30:09]} {[%emt 00:00:51]} 8. Qg3 {[%clk 01:31:40]} {[%emt 00:00:27]}
Nxe4 {[%clk 01:08:00]} {[%emt 00:22:39]} 9. Nxe4 {[%clk 01:30:57]} {[%emt
00:01:13]} Rxe4 {[%clk 01:08:22]} {[%emt 00:00:08]} 10. c3 {[%clk 01:31:21]}
{[%emt 00:00:06]} Be7 {[%clk 00:56:50]} {[%emt 00:12:02]} 11. Nf3 {[%clk
01:27:36]} {[%emt 00:04:14]} Bf6 {[%clk 00:37:28]} {[%emt 00:19:53]} 12. Bd3
{[%clk 01:24:26]} {[%emt 00:03:40]} Re8 {[%clk 00:33:59]} {[%emt 00:04:00]} 13.
h4 {[%clk 01:12:09]} {[%emt 00:12:47]} a5 {[%clk 00:34:15]} {[%emt 00:00:14]}
14. Ng5 {[%clk 01:09:39]} {[%emt 00:03:00]} Ne5 {[%clk 00:33:17]} {[%emt
00:01:28]} 15. Bxh7+ {[%clk 01:07:16]} {[%emt 00:02:53]} Kf8 {[%clk 00:33:11]}
{[%emt 00:00:36]} 16. Bc2 {[%clk 01:03:39]} {[%emt 00:04:07]} d5 {[%clk
00:30:17]} {[%emt 00:03:25]} 17. Nh7+ {[%clk 01:01:03]} {[%emt 00:03:05]} Kg8
{[%clk 00:30:11]} {[%emt 00:00:36]} 18. Nxf6+ {[%clk 01:00:58]} {[%emt
00:00:36]} Qxf6 {[%clk 00:30:34]} {[%emt 00:00:07]} 19. Bg5 {[%clk 01:00:15]}
{[%emt 00:01:13]} Qe6 {[%clk 00:29:07]} {[%emt 00:01:56]} 20. Rhe1 {[%clk
00:56:03]} {[%emt 00:04:41]} f6 {[%clk 00:24:49]} {[%emt 00:04:50]} 21. Bf4
{[%clk 00:53:35]} {[%emt 00:02:56]} Qg4 {[%clk 00:22:11]} {[%emt 00:03:09]} 22.
Bxe5 {[%clk 00:51:56]} {[%emt 00:02:09]} Rxe5 {[%clk 00:21:59]} {[%emt
00:00:43]} 23. Qxg4 {[%clk 00:51:26]} {[%emt 00:01:00]} Bxg4 {[%clk 00:22:22]}
{[%emt 00:00:07]} 24. Rxe5 {[%clk 00:51:34]} {[%emt 00:00:21]} fxe5 {[%clk
00:22:47]} {[%emt 00:00:05]} 25. Rxd5 {[%clk 00:51:29]} {[%emt 00:00:35]} Re8
{[%clk 00:22:37]} {[%emt 00:00:41]} 26. f3 {[%clk 00:51:16]} {[%emt 00:00:43]}
Bh5 {[%clk 00:22:54]} {[%emt 00:00:12]} 27. Rxa5 {[%clk 00:51:18]} {[%emt
00:00:28]} Re7 {[%clk 00:22:28]} {[%emt 00:00:57]} 28. Be4 {[%clk 00:50:06]}
{[%emt 00:01:41]} c6 {[%clk 00:22:45]} {[%emt 00:00:13]} 29. Ra8+ {[%clk
00:48:40]} {[%emt 00:01:56]} Re8 {[%clk 00:22:31]} {[%emt 00:00:44]} 30. Rxe8+
{[%clk 00:48:56]} {[%emt 00:00:13]} Bxe8 {[%clk 00:22:57]} {[%emt 00:00:05]}
31. Kd2 {[%clk 00:49:17]} {[%emt 00:00:10]} Kf7 {[%clk 00:23:21]} {[%emt
00:00:06]} 32. Ke3 {[%clk 00:49:25]} {[%emt 00:00:22]} Ke6 {[%clk 00:23:41]}
{[%emt 00:00:11]} 33. g4 {[%clk 00:48:24]} {[%emt 00:01:30]} g6 {[%clk
00:23:48]} {[%emt 00:00:24]} 34. c4 {[%clk 00:46:49]} {[%emt 00:02:04]} Kd6
{[%clk 00:23:07]} {[%emt 00:01:09]} 35. f4 {[%clk 00:45:25]} {[%emt 00:01:57]}
Ke6 {[%clk 00:22:37]} {[%emt 00:00:59]} 36. f5+ {[%clk 00:45:32]} {[%emt
00:00:22]} gxf5 {[%clk 00:22:47]} {[%emt 00:00:21]} 37. Bxf5+ {[%clk 00:45:55]}
{[%emt 00:00:08]} Kf6 {[%clk 00:23:03]} {[%emt 00:00:14]} 38. Ke4 {[%clk
00:46:03]} {[%emt 00:00:21]} Bf7 {[%clk 00:22:58]} {[%emt 00:00:36]} 39. b3
{[%clk 00:45:53]} {[%emt 00:00:39]} b5 {[%clk 00:22:01]} {[%emt 00:01:27]} 1-0

[Event "DVM U14 2024"]
[Site "Heidelberg GER"]
[Date "2024.12.28"]
[Round "4"]
[White "Hempel, Lorenz"]
[Black "Ensslen, Jakob"]
[Result "1-0"]
[Termination "normal"]
[Board "9.1"]
[WhiteElo "1960"]
[BlackElo "1714"]
[WhiteClock "00:22:27"]
[BlackClock "00:03:26"]
[WhiteTeam "SC Einheit Bautzen"]
[BlackTeam "Karlsruher SF 1853"]
[PlyCount "65"]
[WhiteFideId "34627413"]
[BlackFideId "34640258"]
[EventCountry "GER"]
[EventRounds "7"]
[EventType "team-swiss"]
[EventDate "2024.12.26"]

1. e4 {[%clk 01:30:59]} c5 {[%clk 01:30:54]} {[%emt 00:00:07]} 2. Nf3 {[%clk
01:31:24]} {[%emt 00:00:03]} d6 {[%clk 01:31:21]} {[%emt 00:00:04]} 3. d4
{[%clk 01:31:49]} {[%emt 00:00:05]} cxd4 {[%clk 01:31:50]} {[%emt 00:00:02]} 4.
Nxd4 {[%clk 01:32:12]} {[%emt 00:00:07]} Nf6 {[%clk 01:32:15]} {[%emt
00:00:05]} 5. Nc3 {[%clk 01:32:34]} {[%emt 00:00:07]} g6 {[%clk 01:32:41]}
{[%emt 00:00:05]} 6. f3 {[%clk 01:32:41]} {[%emt 00:00:23]} Bg7 {[%clk
01:32:50]} {[%emt 00:00:21]} 7. Be3 {[%clk 01:33:05]} {[%emt 00:00:05]} O-O
{[%clk 01:33:08]} {[%emt 00:00:12]} 8. Qd2 {[%clk 01:33:26]} {[%emt 00:00:09]}
Nc6 {[%clk 01:33:31]} {[%emt 00:00:08]} 9. g4 {[%clk 01:33:50]} {[%emt
00:00:05]} Be6 {[%clk 01:33:52]} {[%emt 00:00:10]} 10. O-O-O {[%clk 01:34:06]}
{[%emt 00:00:14]} Qa5 {[%clk 01:28:51]} {[%emt 00:05:31]} 11. a3 {[%clk
01:28:12]} {[%emt 00:06:24]} Nxd4 {[%clk 01:26:34]} {[%emt 00:02:46]} 12. Bxd4
{[%clk 01:28:36]} {[%emt 00:00:07]} a6 {[%clk 01:17:42]} {[%emt 00:09:22]} 13.
Kb1 {[%clk 01:27:22]} {[%emt 00:01:43]} b5 {[%clk 01:15:35]} {[%emt 00:02:37]}
14. Nd5 {[%clk 01:26:27]} {[%emt 00:01:25]} Qd8 {[%clk 01:08:36]} {[%emt
00:07:29]} 15. h4 {[%clk 01:22:22]} {[%emt 00:04:34]} Rb8 {[%clk 00:55:42]}
{[%emt 00:13:25]} 16. h5 {[%clk 01:19:12]} {[%emt 00:03:41]} Bxd5 {[%clk
00:52:48]} {[%emt 00:03:23]} 17. exd5 {[%clk 01:19:13]} {[%emt 00:00:29]} a5
{[%clk 00:46:09]} {[%emt 00:07:10]} 18. Qh2 {[%clk 01:04:43]} {[%emt 00:14:59]}
h6 {[%clk 00:26:38]} {[%emt 00:20:01]} 19. f4 {[%clk 00:47:20]} {[%emt
00:17:54]} Nxg4 {[%clk 00:20:21]} {[%emt 00:06:46]} 20. Qg3 {[%clk 00:43:07]}
{[%emt 00:04:43]} f5 {[%clk 00:19:00]} {[%emt 00:01:51]} 21. Bxg7 {[%clk
00:42:20]} {[%emt 00:01:17]} Kxg7 {[%clk 00:19:21]} {[%emt 00:00:09]} 22. Be2
{[%clk 00:41:06]} {[%emt 00:01:44]} Qd7 {[%clk 00:18:01]} {[%emt 00:01:51]} 23.
Rh4 {[%clk 00:39:06]} {[%emt 00:02:30]} g5 {[%clk 00:15:25]} {[%emt 00:03:05]}
24. fxg5 {[%clk 00:35:08]} {[%emt 00:04:28]} hxg5 {[%clk 00:15:18]} {[%emt
00:00:38]} 25. h6+ {[%clk 00:31:08]} {[%emt 00:04:30]} Kg6 {[%clk 00:14:50]}
{[%emt 00:00:57]} 26. Bxg4 {[%clk 00:29:15]} {[%emt 00:02:23]} fxg4 {[%clk
00:12:50]} {[%emt 00:02:31]} 27. Rxg4 {[%clk 00:29:36]} {[%emt 00:00:09]} Qf5
{[%clk 00:11:28]} {[%emt 00:01:51]} 28. Rg1 {[%clk 00:28:42]} {[%emt 00:01:24]}
Kf7 {[%clk 00:07:26]} {[%emt 00:04:32]} 29. Rxg5 {[%clk 00:28:11]} {[%emt
00:01:02]} Qf6 {[%clk 00:07:04]} {[%emt 00:00:52]} 30. h7 {[%clk 00:23:37]}
{[%emt 00:05:03]} Rh8 {[%clk 00:06:10]} {[%emt 00:01:24]} 31. Rg8 {[%clk
00:22:38]} {[%emt 00:01:29]} Re8 {[%clk 00:03:48]} {[%emt 00:02:52]} 32. Rxh8
{[%clk 00:22:05]} {[%emt 00:01:03]} Qxh8 {[%clk 00:03:26]} {[%emt 00:00:52]}
33. Qg6+ {[%clk 00:22:27]} {[%emt 00:00:09]} 1-0